[Event "chess.com SpeedChess Q2Sw"]
[Site "chess.com INT"]
[Date "2022.11.12"]
[Round "7"]
[White "Chen, Minda"]
[Black "Vemparala, Nikash"]
[Result "0-1"]
[WhiteTitle "WFM"]
[BlackTitle "CM"]
[WhiteElo "1802"]
[BlackElo "1976"]
[WhiteFideId "30937000"]
[BlackFideId "30960967"]
[EventDate "2022.11.12"]

1. d4 d5 2. c4 c6 3. Nc3 e5 4. dxe5 d4 5. Ne4 Qa5+ 6. Bd2 Qxe5 7. Ng3 c5 8. Nf3
Qc7 9. e3 dxe3 10. Bxe3 Nf6 11. Bd3 h6 12. O-O Bd6 13. Qc2 O-O 14. Qc3 Nbd7 15.
Rad1 Ne5 16. Be2 Nxf3+ 17. Bxf3 Be5 18. Qc2 Be6 19. Rfe1 Rad8 20. b3 b6 21. Nf1
Ng4 22. Bxg4 Bxg4 23. Rd5 Rxd5 24. cxd5 Rd8 25. Qe4 f5 26. Qc4 Qd6 27. f3 Bh5
28. Rd1 Bf7 29. Qc2 Qf6 30. Bf2 Rxd5 31. Ne3 Rxd1+ 32. Qxd1 Bd4 33. Kf1 Kh7 34.
Nc2 Bxf2 35. Kxf2 Qc3 36. Ne3 f4 37. Qc2+ Qxc2+ 38. Nxc2 Bg6 39. Na3 a6 40. g3
fxg3+ 41. hxg3 b5 42. Ke3 b4 43. Nc4 Bb1 44. Nd2 Bxa2 45. Kd3 a5 0-1

[Event "chess.com SpeedChess Q2Sw"]
[Site "chess.com INT"]
[Date "2022.11.12"]
[Round "7"]
[White "Grycel, Kamil"]
[Black "Dudzinski, Pawel"]
[Result "0-1"]
[WhiteTitle "FM"]
[BlackTitle "FM"]
[WhiteElo "2315"]
[BlackElo "2186"]
[WhiteFideId "1115499"]
[BlackFideId "1117890"]
[EventDate "2022.11.12"]

1. b3 e5 2. Bb2 Nc6 3. Nf3 d6 4. d4 e4 5. d5 exf3 6. dxc6 fxe2 7. Qxe2+ Qe7 8.
Qxe7+ Nxe7 9. cxb7 Bxb7 10. Bb5+ Bc6 11. Nc3 O-O-O 12. O-O Bxb5 13. Nxb5 Nc6 14.
Rfe1 Kd7 15. Rad1 Rg8 16. c4 a6 17. Nc3 Re8 18. Nd5 Rxe1+ 19. Rxe1 Ne7 20. Ne3
g6 21. Ng4 Bg7 22. Bxg7 Rxg7 23. Nf6+ Kd8 24. f3 g5 25. Kf2 Rg6 26. Nxh7 Ke8 27.
g4 f6 28. h4 gxh4 29. Rh1 Rh6 30. Nxf6+ Rxf6 31. Rxh4 Ng6 32. Rh7 Ne5 33. Rxc7
Rxf3+ 34. Ke2 Rf7 35. Rc8+ Kd7 36. Rg8 Re7 37. Kd2 Nf3+ 38. Kc3 Kc6 39. Kb4 Re5
40. Rc8+ Kb7 41. Rd8 Kc7 42. Ra8 Kb7 43. Rd8 Kb6 44. Rf8 Ng5 45. Rb8+ Kc7 46.
Ra8 Kb7 47. Rd8 a5+ 48. Ka4 Kc7 49. Ra8 Kb6 50. Rd8 Ne4 51. a3 Nc3# 0-1

[Event "chess.com SpeedChess Q2Sw"]
[Site "chess.com INT"]
[Date "2022.11.12"]
[Round "7"]
[White "Jones, Gawain C B"]
[Black "Mahdavi, Reza"]
[Result "1-0"]
[WhiteTitle "GM"]
[BlackTitle "FM"]
[WhiteElo "2623"]
[BlackElo "2316"]
[WhiteFideId "409561"]
[BlackFideId "12595926"]
[EventDate "2022.11.12"]

1. Nf3 Nf6 2. g3 g6 3. b3 Bg7 4. Bb2 O-O 5. Bg2 d6 6. d4 Nc6 7. O-O e5 8. dxe5
Nd7 9. Nc3 dxe5 10. Ba3 Re8 11. Nd2 Nb6 12. Nde4 f5 13. Qxd8 Rxd8 14. Nc5 e4 15.
Nb5 Bxa1 16. Rxa1 a6 17. Nxc7 Rb8 18. c3 Nd5 19. Nxd5 Rxd5 20. f3 b6 21. fxe4
Rxc5 22. Bxc5 bxc5 23. exf5 Ne5 24. fxg6 hxg6 25. Rd1 Bg4 26. Rd5 Re8 27. Rxc5
Bxe2 28. Rc7 Rd8 29. Kf2 Bg4 30. Ke3 Bf5 31. c4 Ng4+ 32. Kf4 Nf6 33. h3 Nh5+ 34.
Kg5 Nxg3 35. Bd5+ Kh8 36. Kh6 Bd7 37. Kxg6 Ne2 38. Kf6 Bxh3 39. Be4 Rf8+ 40. Kg5
Be6 41. Rc6 Nd4 42. Rd6 Bf5 43. Rxd4 Bxe4 44. Rxe4 Rf2 45. a4 Ra2 46. c5 Rb2 47.
Rc4 Rc2 48. Rxc2 1-0

[Event "chess.com SpeedChess Q2Sw"]
[Site "chess.com INT"]
[Date "2022.11.12"]
[Round "7"]
[White "Sarana, Alexey"]
[Black "Duda, Jan-Krzysztof"]
[Result "0-1"]
[WhiteTitle "GM"]
[BlackTitle "GM"]
[WhiteElo "2668"]
[BlackElo "2731"]
[WhiteFideId "24133795"]
[BlackFideId "1170546"]
[EventDate "2022.11.12"]

1. c4 e6 2. d4 Nf6 3. Nc3 Bb4 4. e3 c5 5. a3 Bxc3+ 6. bxc3 O-O 7. Bd3 Nc6 8. Rb1
b6 9. e4 d5 10. cxd5 exd5 11. e5 Ne4 12. Ne2 f6 13. f3 fxe5 14. fxe4 exd4 15.
cxd4 Bg4 16. dxc5 Qh4+ 17. g3 Qf6 18. Be3 Qf3 19. Kd2 dxe4 20. Rf1 Qg2 21. Rxf8+
Rxf8 22. Qg1 Qf3 23. Bc4+ Kh8 24. Rb3 Ne5 25. Ba6 Rd8+ 26. Kc2 bxc5 27. Qf2 Qh1
28. Qg1 Qf3 29. Qf2 c4 30. Rb5 Nd3 31. Qxf3 exf3 32. Nf4 f2 33. Bxf2 Nxf2 34.
Rb7 Bf5+ 35. Kc3 Ne4+ 36. Kb4 c3 37. Rc7 Rb8+ 38. Ka5 Nd2 39. Rxc3 Nb3+ 40. Ka4
Bd7+ 41. Bb5 Rxb5 42. Rxb3 Rb6+ 0-1

[Event "chess.com SpeedChess Q2Sw"]
[Site "chess.com INT"]
[Date "2022.11.12"]
[Round "7"]
[White "Bochnicka, Vladimir ml."]
[Black "Manukyan, Sargis V."]
[Result "1-0"]
[WhiteTitle "FM"]
[BlackTitle "FM"]
[WhiteElo "2350"]
[BlackElo "2253"]
[WhiteFideId "14943450"]
[BlackFideId "13303465"]
[EventDate "2022.11.12"]

1. e4 c5 2. Nf3 Nc6 3. d4 cxd4 4. Nxd4 g6 5. c4 Bg7 6. Be3 Nf6 7. Nc3 Ng4 8.
Qxg4 Nxd4 9. Qd1 Ne6 10. Be2 Qa5 11. Rc1 b6 12. O-O Bb7 13. a3 Bxc3 14. Rxc3
Bxe4 15. c5 bxc5 16. Bc4 O-O-O 17. Bxe6 dxe6 18. Qc1 Kb7 19. Rxc5 Qb6 20. Qc4
Bd5 21. Qa4 Bc6 22. Qf4 f6 23. h3 e5 24. Qc4 Qc7 25. Rc1 Rd6 26. Qb4+ Qb6 27.
Rxc6 Rxc6 28. Bxb6 Rxc1+ 29. Kh2 axb6 30. Qxe7+ Ka6 31. Qxf6 Re8 32. Qf7 Rec8
33. Qxh7 R1c2 34. Qxg6 Rxf2 35. h4 Rf4 36. h5 e4 37. h6 e3 38. Qd3+ Rcc4 39.
Qxe3 Rh4+ 40. Kg3 Rcg4+ 41. Kf2 Rg6 42. Qd3+ b5 43. Qxg6+ Ka5 44. h7 Rf4+ 45.
Kg3 Rf8 46. Kh2 Rg8 47. hxg8=Q 1-0

[Event "chess.com SpeedChess Q2Sw"]
[Site "chess.com INT"]
[Date "2022.11.12"]
[Round "7"]
[White "Tabatabaei, M. Amin"]
[Black "Yoo, Christopher Woojin"]
[Result "0-1"]
[WhiteTitle "GM"]
[BlackTitle "GM"]
[WhiteElo "2655"]
[BlackElo "2573"]
[WhiteFideId "12521213"]
[BlackFideId "30909694"]
[EventDate "2022.11.12"]

1. d4 Nf6 2. Nf3 g6 3. Nbd2 c5 4. dxc5 Qa5 5. a3 Qxc5 6. b4 Qc7 7. Bb2 Bg7 8. c4
O-O 9. e3 b6 10. Be2 Bb7 11. O-O d6 12. Rc1 Nbd7 13. Nb1 Rac8 14. Nc3 Qb8 15.
Qb3 Qa8 16. Rfd1 a6 17. h3 Rc7 18. Na4 Be4 19. Ne1 Rfc8 20. Bf3 Qb7 21. Bxe4
Nxe4 22. Bxg7 Kxg7 23. Nf3 b5 24. Nb2 Nb6 25. c5 dxc5 26. bxc5 Rxc5 27. Rxc5
Rxc5 28. Nd3 Rc3 29. Qb2 Qd5 30. Nfe1 Qb3 31. Qe2 Nc4 32. Qf3 Nf6 33. g4 h6 34.
h4 Nd6 35. Ne5 Qe6 36. N1d3 Rxa3 37. g5 hxg5 38. hxg5 Nfe4 39. Qf4 Qf5 40. Nc6
Qxg5+ 41. Qxg5 Nxg5 42. Nxe7 Nde4 43. Nf4 Ra2 44. Ned5 Nf3+ 45. Kh1 0-1

[Event "chess.com SpeedChess Q2Sw"]
[Site "chess.com INT"]
[Date "2022.11.12"]
[Round "7"]
[White "Pakleza, Zbigniew"]
[Black "Tan, Zhongyi"]
[Result "0-1"]
[WhiteTitle "GM"]
[BlackTitle "GM"]
[WhiteElo "2496"]
[BlackElo "2514"]
[WhiteFideId "1119290"]
[BlackFideId "8603642"]
[EventDate "2022.11.12"]

1. d4 d5 2. Bf4 Nf6 3. e3 Bg4 4. Nf3 e6 5. c4 Bb4+ 6. Nc3 O-O 7. Qb3 c5 8. dxc5
Qa5 9. Bd3 Nbd7 10. Bd6 Nxc5 11. Bxc5 Qxc5 12. O-O Bxf3 13. gxf3 d4 14. Ne4 Nxe4
15. Bxe4 dxe3 16. Qxe3 Qxc4 17. Bxb7 Rab8 18. Qe4 Qb5 19. Bc6 Qg5+ 20. Qg4 Qf6
21. b3 Bd6 22. Rfd1 g6 23. Rac1 Rfd8 24. Be4 Rb5 25. h4 Rh5 26. Kf1 Rxh4 27. Qg2
Kg7 28. Rc2 Be5 29. Rxd8 Qxd8 30. Ke2 Qd4 31. Qg5 Rh2 32. Qe3 Qa1 33. f4 Bd4 34.
Qg3 Rxf2+ 35. Kd3 Qd1+ 36. Kc4 Rxc2+ 37. Bxc2 Qxc2+ 38. Kxd4 Qxa2 39. Kc5 Qb2
40. b4 h5 0-1

[Event "chess.com SpeedChess Q2Sw"]
[Site "chess.com INT"]
[Date "2022.11.12"]
[Round "7"]
[White "Salman, Pavel"]
[Black "Guzman Moneo, Alberto"]
[Result "1-0"]
[WhiteTitle "FM"]
[BlackTitle "CM"]
[WhiteElo "2287"]
[BlackElo "2146"]
[WhiteFideId "24153753"]
[BlackFideId "2209616"]
[EventDate "2022.11.12"]

1. d4 Nf6 2. Nc3 d5 3. Bf4 c6 4. e3 e6 5. Bd3 Bb4 6. Ne2 O-O 7. a3 Ba5 8. g4 Re8
9. Ng3 e5 10. dxe5 Nxg4 11. Nf5 Nxe5 12. Bxe5 Rxe5 13. Qg4 g6 14. Nh6+ Kg7 15.
Qf4 Qf6 16. Qxf6+ Kxf6 17. b4 Bc7 18. h3 d4 19. Ne4+ Kg7 20. Ng4 Re7 21. Ngf6
dxe3 22. O-O-O exf2 23. Rhf1 Nd7 24. Rxf2 Ne5 25. Rdf1 Bb6 26. Rg2 Be6 27. Nh5+
Kf8 28. Nhf6 Kg7 29. Nh5+ Kh8 30. Nhf6 a5 31. b5 Rd8 32. bxc6 bxc6 33. Rg3 Kg7
34. Ng5 Nxd3+ 35. cxd3 Bd5 36. Ngxh7 Bd4 37. Nxd5 Rxd5 38. Ng5 Rc5+ 39. Kd2 Rb5
40. Ne4 Rb2+ 41. Kc1 1-0

[Event "chess.com SpeedChess Q2Sw"]
[Site "chess.com INT"]
[Date "2022.11.12"]
[Round "7"]
[White "Korchmar, Vasiliy"]
[Black "Han, Yichen"]
[Result "0-1"]
[WhiteTitle "IM"]
[BlackTitle "FM"]
[WhiteElo "2438"]
[BlackElo "2423"]
[WhiteFideId "24131750"]
[BlackFideId "1054430"]
[EventDate "2022.11.12"]

1. e4 c5 2. Nf3 Nc6 3. d4 cxd4 4. Nxd4 Nf6 5. Nc3 e5 6. Ndb5 d6 7. Nd5 Nxd5 8.
exd5 Nb8 9. a4 Be7 10. Be2 O-O 11. O-O a6 12. Na3 Nd7 13. Kh1 Rb8 14. Nc4 Qc7
15. f4 f5 16. a5 Bf6 17. Be3 exf4 18. Bxf4 Ne5 19. Bxe5 dxe5 20. Nb6 Be7 21. c4
Bc5 22. Na4 Bd4 23. b4 Qd6 24. Qb3 Qg6 25. Rad1 f4 26. c5 Bf5 27. Nb6 Bc2 28.
Qh3 Bxd1 29. Rxd1 Rbd8 30. d6 Kh8 31. Bf3 e4 32. Rxd4 exf3 33. Qxf3 Qb1+ 34. Qd1
Qf5 35. Rd5 Qe4 36. Rd4 Qc6 37. d7 f3 38. gxf3 Rxf3 39. Rd5 Qf6 40. Qe2 Rf1+ 41.
Kg2 Rf8 42. Rd2 Qg6+ 43. Kh3 R1f3+ 44. Kh4 R8f4# 0-1

[Event "chess.com SpeedChess Q2Sw"]
[Site "chess.com INT"]
[Date "2022.11.12"]
[Round "7"]
[White "Svane, Rasmus"]
[Black "Bok, Benjamin"]
[Result "0-1"]
[WhiteTitle "GM"]
[BlackTitle "GM"]
[WhiteElo "2619"]
[BlackElo "2618"]
[WhiteFideId "4657101"]
[BlackFideId "1017063"]
[EventDate "2022.11.12"]

1. Nf3 d5 2. g3 g6 3. Bg2 Bg7 4. d4 Nf6 5. O-O O-O 6. c4 c6 7. Qb3 Qb6 8. Nc3
Rd8 9. Bd2 Bf5 10. Na4 Qxb3 11. axb3 Nbd7 12. Rfc1 h6 13. e3 g5 14. h3 e6 15.
Bb4 Ne4 16. Nc3 Bf8 17. Bxf8 Kxf8 18. Nxe4 Bxe4 19. Nd2 Bxg2 20. Kxg2 Ke7 21.
Nf3 a6 22. Ne1 Rac8 23. Nd3 dxc4 24. Rxc4 Rc7 25. Rac1 f5 26. Kf3 Kf6 27. Ke2 e5
28. d5 Nb6 29. R4c2 e4 30. Nc5 Nxd5 31. g4 a5 32. gxf5 Kxf5 33. Rc4 Re7 34. R4c2
b6 35. Na4 c5 36. Rd2 Red7 37. Rcd1 Ke6 38. Ke1 Rd6 39. Ke2 h5 40. Ke1 h4 41.
Ke2 R8d7 42. Ke1 g4 43. hxg4 h3 44. Ke2 Nf4+ 45. exf4 Rxd2+ 46. Rxd2 Rxd2+ 47.
Kxd2 h2 48. Nxb6 h1=Q 49. Nc4 Qf3 50. Ke1 Qxf4 51. Ne3 Qe5 0-1

[Event "chess.com SpeedChess Q2Sw"]
[Site "chess.com INT"]
[Date "2022.11.12"]
[Round "7"]
[White "Kollars, Dmitrij"]
[Black "Harikrishna, Pentala"]
[Result "1-0"]
[WhiteTitle "GM"]
[BlackTitle "GM"]
[WhiteElo "2611"]
[BlackElo "2715"]
[WhiteFideId "12909572"]
[BlackFideId "5007003"]
[EventDate "2022.11.12"]

1. e4 c5 2. Nf3 e6 3. d4 cxd4 4. Nxd4 Nc6 5. Nc3 Qc7 6. Be3 a6 7. a3 b5 8. Nxc6
Qxc6 9. Be2 Bb7 10. O-O Rc8 11. Qd2 Nf6 12. Bf3 Qc7 13. Rfd1 d6 14. Bf4 Rd8 15.
Qe3 Nd7 16. Rd2 h6 17. Rad1 Nb6 18. Be2 Be7 19. Qg3 g5 20. Bxd6 Bxd6 21. Rxd6
Rxd6 22. Rxd6 O-O 23. h4 Nc8 24. hxg5 h5 25. Rd3 Qxg3 26. Rxg3 h4 27. Rh3 Ne7
28. Rxh4 Ng6 29. Rh3 Nf4 30. Re3 Rd8 31. g3 Nh3+ 32. Kg2 Nxg5 33. Rd3 Rc8 34. f3
e5 35. Rd7 Bc6 36. Rd6 Ne6 37. Bd3 Kf8 38. Nd5 Bxd5 39. exd5 Nd4 40. c3 Nb3 41.
Bf5 Ra8 42. Rd7 Nc5 43. Rc7 Na4 44. b3 Nb6 45. c4 Rd8 46. Rc6 Rb8 47. d6 bxc4
48. bxc4 Na4 49. c5 Rb2+ 50. Kh3 Rd2 51. Rc8+ Kg7 52. d7 1-0

[Event "chess.com SpeedChess Q2Sw"]
[Site "chess.com INT"]
[Date "2022.11.12"]
[Round "7"]
[White "Zemlyanskii, Ivan"]
[Black "Dehtiarov, Roman"]
[Result "0-1"]
[WhiteTitle "FM"]
[BlackTitle "FM"]
[WhiteElo "2237"]
[BlackElo "2300"]
[WhiteFideId "24249971"]
[BlackFideId "14186640"]
[EventDate "2022.11.12"]

1. d4 Nf6 2. c4 e6 3. g3 c6 4. Bg2 d5 5. Nf3 Be7 6. O-O O-O 7. Nc3 a6 8. Ne5 b5
9. cxd5 cxd5 10. e4 Bb7 11. exd5 Nxd5 12. Qb3 Nxc3 13. bxc3 Bxg2 14. Kxg2 Bf6
15. Bf4 Nd7 16. a4 bxa4 17. Qxa4 Nxe5 18. dxe5 Bxe5 19. Rfd1 Qf6 20. Bxe5 Qxe5
21. c4 h6 22. Rac1 Rfc8 23. Rd7 Rc5 24. Kg1 a5 25. Rcd1 Qe4 26. R1d4 Qc6 27.
Rd8+ Rxd8 28. Rxd8+ Kh7 29. Qc2+ f5 30. Rd4 a4 31. g4 a3 32. gxf5 exf5 33. Rf4
Qg6+ 34. Kf1 Qf6 35. Kg2 Qg5+ 36. Kf3 Qh5+ 37. Kg3 Qg5+ 38. Kf3 Qf6 39. Kg3 Qb2
40. Qd3 Qe5 41. Qxa3 g5 42. Qa7+ Rc7 43. Qd4 Qxf4+ 44. Qxf4 gxf4+ 45. Kxf4 Rxc4+ 0-1

[Event "chess.com SpeedChess Q2Sw"]
[Site "chess.com INT"]
[Date "2022.11.12"]
[Round "7"]
[White "Azarov, Sergei"]
[Black "Aaditya, Dhingra"]
[Result "0-1"]
[WhiteTitle "GM"]
[BlackTitle "CM"]
[WhiteElo "2562"]
[BlackElo "2172"]
[WhiteFideId "13501470"]
[BlackFideId "25678191"]
[EventDate "2022.11.12"]

1. e4 g6 2. d4 Bg7 3. Nf3 d6 4. Nc3 Nf6 5. Be3 O-O 6. Qd2 a6 7. Bh6 Bg4 8. O-O-O
b5 9. Bxg7 Kxg7 10. Bd3 e5 11. Ne2 Nc6 12. d5 Ne7 13. h3 Bxf3 14. gxf3 c6 15.
dxc6 Nxc6 16. f4 Qa5 17. Qxa5 Nxa5 18. b3 Rfd8 19. Kb2 Nb7 20. f3 Nc5 21. Rd2
Nh5 22. Rhd1 exf4 23. b4 Na4+ 24. Kb3 d5 25. exd5 Rxd5 26. c4 Rxd3+ 27. Rxd3
bxc4+ 28. Kxc4 Nb2+ 29. Kc5 Re8 30. Nc3 Nf6 31. a4 Rc8+ 32. Kb6 Rxc3 33. Rxc3
Nxa4+ 34. Kxa6 Nxc3 35. Rd4 Nfd5 36. Rc4 g5 37. b5 f5 38. b6 Nxb6 39. Kxb6 Ne2
40. Kc5 g4 41. hxg4 fxg4 42. fxg4 f3 43. Ra4 f2 44. Ra1 Ng3 45. Kd5 f1=Q 46.
Rxf1 Nxf1 47. Ke4 Kg6 48. Kf4 h6 49. Kf3 Kg5 50. Kg2 Ne3+ 51. Kf3 Nxg4 52. Kg3
h5 0-1

[Event "chess.com SpeedChess Q2Sw"]
[Site "chess.com INT"]
[Date "2022.11.12"]
[Round "7"]
[White "Yu, Yangyi"]
[Black "Santos Ruiz, Miguel"]
[Result "1-0"]
[WhiteTitle "GM"]
[BlackTitle "GM"]
[WhiteElo "2716"]
[BlackElo "2587"]
[WhiteFideId "8603820"]
[BlackFideId "22291482"]
[EventDate "2022.11.12"]

1. e4 c5 2. Nf3 d6 3. d4 cxd4 4. Nxd4 Nf6 5. Nc3 a6 6. a4 e6 7. Be2 Be7 8. O-O
Qc7 9. a5 Nc6 10. Nxc6 bxc6 11. Qd3 O-O 12. Qg3 Rb8 13. b3 Nd7 14. Rd1 e5 15.
Bg5 Bxg5 16. Qxg5 Nc5 17. Qd2 Rd8 18. Bc4 Be6 19. Qe2 Rb4 20. Bxe6 fxe6 21. f3
Rd4 22. Rxd4 exd4 23. b4 dxc3 24. bxc5 Qa7 25. Qc4 Qxc5+ 26. Qxc5 dxc5 27. h4
Rd2 28. Ra4 Rxc2 29. Rc4 Ra2 30. Rxc5 c2 31. Kh2 Rxa5 32. Rxc2 c5 33. Kg3 Kf7
34. Kf4 Rb5 35. Ke5 Ke7 36. Rc4 a5 37. h5 h6 38. f4 Kd7 39. g4 Ke7 40. f5 exf5
41. gxf5 Kd7 42. Kd5 Ke7 43. e5 a4 44. Rxa4 c4+ 45. Kd4 c3 46. Rc4 Rb1 47. Rc7+
Kf8 48. Rxc3 Rd1+ 49. Ke4 Rh1 50. Kd5 Rxh5 51. Ke6 Kg8 52. Rc8+ Kh7 53. Rc7 Kg8
54. f6 gxf6 55. exf6 Rh1 56. Rc8+ Kh7 57. f7 1-0

[Event "chess.com SpeedChess Q2Sw"]
[Site "chess.com INT"]
[Date "2022.11.12"]
[Round "7"]
[White "Zhigalko, Sergei"]
[Black "Baskakov, Egor"]
[Result "1-0"]
[WhiteTitle "GM"]
[BlackTitle "CM"]
[WhiteElo "2572"]
[BlackElo "2215"]
[WhiteFideId "13502956"]
[BlackFideId "24197866"]
[EventDate "2022.11.12"]

1. e4 c5 2. Nf3 Nf6 3. e5 Nd5 4. c3 Nc6 5. Bc4 Nb6 6. Bb3 g6 7. d4 cxd4 8. Ng5
d5 9. exd6 e6 10. Qf3 Ne5 11. Qg3 Bg7 12. O-O Nc6 13. Rd1 h6 14. Nf3 O-O 15.
cxd4 Bd7 16. Nc3 Rc8 17. h4 Qf6 18. Be3 Nb4 19. Ne5 Rfd8 20. Ng4 Qf5 21. Bxh6 a5
22. a3 a4 23. axb4 axb3 24. Bg5 f6 25. Bxf6 Rf8 26. Bxg7 Kxg7 27. Ra5 Nd5 28.
Ne3 Qf4 29. Nexd5 Qxg3 30. fxg3 exd5 31. Rxd5 Bf5 32. Re1 Rfd8 33. Re3 Rc6 34.
Ne4 Rc1+ 35. Kh2 b6 36. Nd2 Rc2 37. Nxb3 Rxb2 38. b5 Bc8 39. d7 Bb7 40. Rd6
Rxg2+ 41. Kh3 Rf2 42. Re8 Rf8 43. Rxd8 Rxd8 44. Rxb6 Be4 45. Nc5 Bf5+ 46. Kh2
Be4 47. Nxe4 1-0

[Event "chess.com SpeedChess Q2Sw"]
[Site "chess.com INT"]
[Date "2022.11.12"]
[Round "7"]
[White "Klukin, Kirill"]
[Black "Manukyan, Sargis A."]
[Result "1-0"]
[WhiteTitle "IM"]
[BlackTitle "FM"]
[WhiteElo "2390"]
[BlackElo "2163"]
[WhiteFideId "24199273"]
[BlackFideId "13303970"]
[EventDate "2022.11.12"]

1. d4 d5 2. c4 e6 3. Nc3 Nf6 4. Nf3 Be7 5. Bg5 O-O 6. e3 b6 7. cxd5 Nxd5 8. Bxe7
Qxe7 9. Be2 Bb7 10. O-O Nd7 11. Rc1 c5 12. Bb5 cxd4 13. Nxd4 Nxc3 14. Rxc3 Qg5
15. Bc6 Bxc6 16. Nxc6 Nc5 17. b4 Ne4 18. Rc4 f5 19. Qd7 Kh8 20. Rd1 Qh4 21. g3
Qh5 22. Ne5 h6 23. Rc7 Rg8 24. f3 Ng5 25. Qc6 Rad8 26. Rxd8 Rxd8 27. h4 Rd1+ 28.
Kf2 Rd2+ 29. Ke1 Rg2 30. Rc8+ Kh7 31. Qe8 Nxf3+ 32. Kf1 Qxe8 33. Rxe8 Rxg3 34.
Kf2 Nxe5 35. Kxg3 Nc4 36. Kf2 e5 37. Re7 a5 38. b5 Kg6 39. Re6+ Kf7 40. Rc6 Nb2
41. Rxb6 Nd3+ 42. Ke2 e4 43. Ra6 g5 44. hxg5 hxg5 45. b6 Nc5 46. Rxa5 Nb7 47.
Ra7 Ke6 48. Rxb7 f4 49. Rg7 Kf5 50. b7 Kg4 51. b8=Q f3+ 52. Kf2 Kh4 53. Qg3+ Kh5
54. Qxg5# 1-0

[Event "chess.com SpeedChess Q2Sw"]
[Site "chess.com INT"]
[Date "2022.11.12"]
[Round "7"]
[White "Grot, Blazej"]
[Black "Larina, Maria"]
[Result "1-0"]
[WhiteTitle "CM"]
[BlackTitle "WFM"]
[WhiteElo "1839"]
[BlackElo "1948"]
[WhiteFideId "21835845"]
[BlackFideId "24113182"]
[EventDate "2022.11.12"]

1. e4 c6 2. d4 d5 3. Nd2 dxe4 4. Nxe4 Nf6 5. Nxf6+ exf6 6. c3 Bd6 7. Bd3 O-O 8.
Ne2 Re8 9. O-O Bg4 10. Qc2 h6 11. Ng3 Qc7 12. Bd2 Nd7 13. Rae1 Nf8 14. Bf5 Bxf5
15. Qxf5 Qd7 16. Qxd7 Nxd7 17. Nf5 Bf8 18. Bf4 Nb6 19. h4 a5 20. b3 a4 21. Bd6
axb3 22. axb3 Nd5 23. Bxf8 Kxf8 24. c4 Nf4 25. g3 Nd3 26. Rd1 Nb4 27. Nd6 Re7
28. Rfe1 Ra3 29. Rxe7 Kxe7 30. Nxb7 Rxb3 31. Re1+ Kf8 32. Nd6 g6 33. Re8+ Kg7
34. Re7 Nd3 35. Rxf7+ Kg8 36. Rxf6 Kg7 37. Rf7+ Kg8 38. Rf6 Kg7 39. Ne8+ Kg8 40.
Rxc6 Rb1+ 41. Kg2 Rb2 42. Rf6 Re2 43. Nd6 Kg7 44. Rf7+ Kg8 45. c5 Ne1+ 46. Kf1
Re6 47. Ra7 Nd3 48. Ra8+ Kg7 49. Nc4 Re1+ 50. Kg2 Re2 51. Kf3 Rxf2+ 52. Ke3 Rg2
53. Kxd3 Rxg3+ 54. Ne3 g5 55. c6 gxh4 56. c7 1-0

[Event "chess.com SpeedChess Q2Sw"]
[Site "chess.com INT"]
[Date "2022.11.12"]
[Round "7"]
[White "Deac, Bogdan-Daniel"]
[Black "Kravtsiv, Martyn"]
[Result "1-0"]
[WhiteTitle "GM"]
[BlackTitle "GM"]
[WhiteElo "2700"]
[BlackElo "2598"]
[WhiteFideId "1226380"]
[BlackFideId "14113147"]
[EventDate "2022.11.12"]

1. d4 d5 2. c4 e6 3. Nf3 Nf6 4. Nc3 Nbd7 5. e3 Bb4 6. Bd2 O-O 7. Rc1 b6 8. cxd5
exd5 9. Bd3 c5 10. dxc5 bxc5 11. O-O Bb7 12. Bf5 Nb6 13. Ne2 Bxd2 14. Nxd2 Qd6
15. Qc2 g6 16. Bh3 Ba6 17. Rfe1 Bxe2 18. Rxe2 c4 19. Rd1 Rad8 20. Nf3 Rfe8 21.
Nd4 Ne4 22. g3 Nc5 23. Bg2 Nd3 24. Red2 Na4 25. b3 Nb4 26. Qc1 c3 27. Re2 Nb2
28. Rf1 Rc8 29. Qb1 N2d3 30. a3 c2 31. Nxc2 Nxc2 32. Rxc2 Ne5 33. Rd1 Qxa3 34.
Bxd5 Qb4 35. Rxc8 Rxc8 36. Qe4 Qxe4 37. Bxe4 Rb8 38. Bd5 Rb5 39. Kg2 Kf8 40. e4
Ke7 41. Rc1 a5 42. f4 Nd7 43. Rc7 Kd6 44. Ra7 f5 45. Bc4 Rc5 46. e5+ Kc6 47. e6
Nf6 48. e7 Kd6 49. Bf7 1-0

[Event "chess.com SpeedChess Q2Sw"]
[Site "chess.com INT"]
[Date "2022.11.12"]
[Round "7"]
[White "Meier, Georg"]
[Black "Veiga, Jose Francisco R P Neves"]
[Result "1-0"]
[WhiteTitle "GM"]
[BlackTitle "IM"]
[WhiteElo "2615"]
[BlackElo "2393"]
[WhiteFideId "4675789"]
[BlackFideId "1930087"]
[EventDate "2022.11.12"]

1. Nf3 g6 2. e4 Bg7 3. d4 d6 4. Bc4 Nf6 5. Qe2 O-O 6. O-O c6 7. Bb3 a5 8. a4 Na6
9. c3 Qb6 10. Nbd2 d5 11. exd5 cxd5 12. Qxe7 Re8 13. Qa3 Bf5 14. Ne5 Ng4 15.
Ndf3 Rad8 16. h3 Nxe5 17. dxe5 Nc5 18. Be3 Bf8 19. Bd1 Qc7 20. Bd4 Be4 21. Qa2
Nd3 22. Be2 Bg7 23. Rad1 Nf4 24. b3 Nxe2+ 25. Qxe2 Bxf3 26. Qxf3 Bxe5 27. g3 Re6
28. h4 Rc6 29. Bxe5 Qxe5 30. Rd3 Rdc8 31. Qxd5 Qxd5 32. Rxd5 Rxc3 33. Rb5 R8c7
34. Rd1 h5 35. Rd6 R3c5 36. Rdb6 Rxb5 37. Rxb5 Rc3 38. Rxb7 Kg7 39. Rb5 Rc1+ 40.
Kg2 Rb1 41. Kf3 Rb2 42. Ke3 Kf6 43. f3 Ke6 44. g4 hxg4 45. fxg4 Rh2 46. h5 gxh5
47. Rxh5 Rb2 48. Rb5 f6 49. Kd3 Kf7 50. Kc3 Rg2 51. Rxa5 Rxg4 52. Rc5 Rg3+ 53.
Kb2 Rg1 54. a5 Rg2+ 55. Rc2 Rg8 56. b4 Ra8 57. Kb3 Ke6 58. Ka4 f5 59. b5 Kd5 60.
b6 f4 61. b7 Rb8 62. a6 f3 63. a7 1-0

[Event "chess.com SpeedChess Q2Sw"]
[Site "chess.com INT"]
[Date "2022.11.12"]
[Round "7"]
[White "Bouget, Alexandre"]
[Black "Aditya, Mittal"]
[Result "0-1"]
[WhiteTitle "FM"]
[BlackTitle "IM"]
[WhiteElo "2268"]
[BlackElo "2486"]
[WhiteFideId "681318"]
[BlackFideId "35042025"]
[EventDate "2022.11.12"]

1. Nc3 e5 2. Nf3 Nc6 3. d4 exd4 4. Nxd4 Nf6 5. Bg5 h6 6. Bh4 Bb4 7. e3 g5 8. Bg3
Ne4 9. Nxc6 Bxc3+ 10. bxc3 dxc6 11. Qxd8+ Kxd8 12. O-O-O+ Ke7 13. Bd3 Nxc3 14.
Rd2 Nxa2+ 15. Kb2 Nb4 16. Bxc7 Nxd3+ 17. Rxd3 Bf5 18. e4 Be6 19. e5 Kf8 20. f4
gxf4 21. Rf3 Rg8 22. Rg1 Rg4 23. h3 Rg3 24. Rxf4 a5 25. Ra4 b6 26. Kc1 Ra6 27.
h4 c5 28. Kd2 c4 29. Raa1 Rg4 30. g3 Bd5 31. Kc3 Re4 32. Rad1 Be6 33. Rd6 Rxe5
34. Rxb6 Rxb6 35. Bxb6 a4 36. Bd4 Rf5 37. Kb4 Rf3 38. c3 h5 39. Kxa4 Ke7 40. Kb4
Kd6 41. Bc5+ Kd5 42. Bd4 Ke4 43. Re1+ Kd3 44. Be5 Rf2 45. Bf4 Rb2+ 46. Kc5 Rc2
47. Be5 Ra2 48. Rf1 Ke2 49. Rf6 Ra5+ 50. Kd4 Rd5+ 51. Ke4 Rd3 0-1